01516nam a2200337Ia 450000500170000000800410001702000180005810000310007624500400010725000180014730000580016549000220022350501970024553400530044265000370049565000490053265000360058165000430061765000380066065000470069870000360074574001970078194200150097826400360099333600270102933700330105633800280108904000350111708400110115299900150116320220317001445.0161108s2016 sp a g 000 f s  a97884953112451 aSwift, Jonathand1667-174510aViajes de GullivercJonathan Swifth a2a. edición a347 páginasbilustraciones en blanco y negroc19 cm aEl barco de papel aViaje a Liliput -- Viaje a Brodbingnag -- Viaje a Laputa, Balnibarbi, Glubbdubdrib, Luggnagg y Japón -- Viaje al país de los houyhnhnms -- Carta al Capitán Gulliver a su compadre Sympson bTravels into several remote nations of the world142LEMBaNovela inglesaySiglo XVII142LEMBaLiteratura juvenil inglesaySiglo XVII142LEMBaGigantes en la literatura142LEMBaConducta humana en la literatura142LEMBaPolítica en la literatura142LEMBaNovela Fantástica en la literatura1 aFernández Kent, Walter973469 aViaje a Liliput \\ Viaje a Brodbingnag \\ Viaje a Laputa, Balnibarbi, Glubbdubdrib, Luggnagg y Japón \\ Viaje al país de los houyhnhnms \\ Carta al Capitán Gulliver a su compadre Sympson 2loccBKLIT aMadridbJorge A. Mestasc[2016] atextobtxt2rdacontent asin mediaciónbn2rdamedia avolumenbnc2rdacarrier aCO-BoRNBPbspaerdacCO-BoRNBP aN SWI1 c7038d7038